000 00318nam a22001217a 4500
005 20220510181313.0
008 220510b |||||||| |||| 00| 0 eng d
020 _a997479305X
040 _aCO-JMCR
_dCO-JMCR
082 0 4 _aLM /
_bBALm
245 1 3 _aEl mágico mundo de las hadas /
_cAdriana Ballesteros
999 _c29496
_d15880